Tuyển tập kịch Nguyễn Huy Thiệp

Na minha lista:
Detalhes bibliográficos
Autor principal: Nguyễn, Huy Thiệp
Formato: Livro
Idioma:Undetermined
Publicado em: Tp. HCM Trẻ 2003
Assuntos:
Tags: Adicionar Tag
Sem tags, seja o primeiro a adicionar uma tag!
Thư viện lưu trữ: Trung tâm Học liệu Trường Đại học Cần Thơ
LEADER 00502nam a2200181Ia 4500
001 CTU_54262
008 210402s9999 xx 000 0 und d
020 |b 63000 
082 |a 895.9222 
082 |b Th307 
100 |a Nguyễn, Huy Thiệp 
245 0 |a Tuyển tập kịch Nguyễn Huy Thiệp 
245 0 |c Nguyễn Huy Thiệp 
260 |a Tp. HCM 
260 |b Trẻ 
260 |c 2003 
650 |a vietnamese drama 
980 |a Trung tâm Học liệu Trường Đại học Cần Thơ